فهارس كتب الحديث المطبوعة و الآلية / (رقم التسجيلة. 149827)

تفاصيل مارك
000 -LEADER
fixed length control field 01071nam a2200265 a 4500
003 - CONTROL NUMBER IDENTIFIER
control field EG-GiCUC
008 - FIXED-LENGTH DATA ELEMENTS--GENERAL INFORMATION
fixed length control field 180711s2006 su g 000 0 ara d
017 ## - COPYRIGHT OR LEGAL DEPOSIT NUMBER
Copyright or legal deposit number 1427/3717
Assigning agency الرياض. المكتبة الوطنية.
020 ## - INTERNATIONAL STANDARD BOOK NUMBER
International Standard Book Number 9960002756
040 ## - CATALOGING SOURCE
Original cataloging agency EG-GiCUC
Language of cataloging ara
Transcribing agency EG-GiCUC
092 04 - LOCALLY ASSIGNED DEWEY CALL NUMBER (OCLC)
Classification number 230.16
Item number S9679 2006
Edition number 21.
099 ## - LOCAL FREE-TEXT CALL NUMBER (OCLC)
Classification number 04
-- 230.16 S9679 2006
100 1# - MAIN ENTRY--PERSONAL NAME
Personal name السويدان: ناصر محمد.
245 10 - TITLE STATEMENT
Title فهارس كتب الحديث المطبوعة و الآلية /
Statement of responsibility, etc. ناصر بن محمد السويدان.
260 ## - PUBLICATION, DISTRIBUTION, ETC.
Place of publication, distribution, etc. الرياض :
Name of publisher, distributor, etc. مكتبة الملك فهد الوطنية:
Date of publication, distribution, etc. 2006.
300 ## - PHYSICAL DESCRIPTION
Extent 198 ص ؛.
Dimensions 24 سم .
490 0# - SERIES STATEMENT
Series statement مطبوعات مكتبة الملك فهد الوطنية. السلسلة الثانية ؛
Volume/sequential designation 49
504 ## - BIBLIOGRAPHY, ETC. NOTE
Bibliography, etc. note يشتمل على كشافات.
650 #7 - SUBJECT ADDED ENTRY--TOPICAL TERM
Topical term or geographic name entry element الحديث
Form subdivision فهارس.
Source of heading or term qrmak.
902 ## - LOCAL DATA ELEMENT B, LDB (RLIN)
No. of Items 1
905 ## - LOCAL DATA ELEMENT E, LDE (RLIN)
Cataloger اميرة
Reviser مراجع.
905 ## - LOCAL DATA ELEMENT E, LDE (RLIN)
Cataloger رضا
Reviser مدخل.
942 ## - ADDED ENTRY ELEMENTS (KOHA)
Source of classification or shelving scheme Dewey Decimal Classification
Koha item type Books
المقتنيات
Source of classification or shelving scheme Not for loan Home library Current library Date acquired Full call number Barcode Date last seen Copy number Koha item type
Dewey Decimal Classification   المكتبة المركزبة الجديدة - جامعة القاهرة قاعة الكتب - الدور الثاني 11.02.2024 230.16 S9679 2006 01000100122791000 23.09.2023 C.1 Books
Cairo University Libraries Portal Implemented & Customized by: Eng. M. Mohamady Contacts: new-lib@cl.cu.edu.eg | cnul@cl.cu.edu.eg
CUCL logo CNUL logo
© All rights reserved — Cairo University Libraries
CUCL logo
Implemented & Customized by: Eng. M. Mohamady Contact: new-lib@cl.cu.edu.eg © All rights reserved — New Central Library
CNUL logo
Implemented & Customized by: Eng. M. Mohamady Contact: cnul@cl.cu.edu.eg © All rights reserved — Cairo National University Library